| 000 | 00516nam a2200181Ia 4500 | ||
|---|---|---|---|
| 005 | 20250423101401.0 | ||
| 008 | 250422s9999 xx 000 0 und d | ||
| 020 | _a9780670919512 | ||
| 050 | _aHD 31 .K38/ | ||
| 100 | _aKaufman, Josh. | ||
| 245 | 4 | _aThe personal MBA : a world-class business education in a single volume | |
| 260 | _aNew York | ||
| 260 | _bPortfolio Penguin | ||
| 260 | _c2010 | ||
| 300 | _a402 p | ||
| 650 | _aManagement. Management--Study and teaching. Business. Commerce. | ||
| 942 | _cBK | ||
| 999 |
_c36149 _d36149 |
||